David Kushner - All Songs - Statistics

General Stats
  • This quiz has been taken 380 times
    180 since last reset
  • The average score is 20 of 32
Answer Stats
Songs % Correct
Daylight
100%
Skin and Bones
91%
Mr. Forgettable
87%
Dead Man
80%
Burn
78%
Hero
76%
Miserable Man
76%
Elk Grove
74%
No High
74%
Darkerside
69%
Empty Bench
67%
Sweet Oblivion
67%
Humankind
65%
Poison
65%
oooWooo
61%
Cigarettes
59%
Heaven Sees
59%
Love Worth Saving
59%
Buried at Sea
57%
California Nights
57%
Cannon Beach
57%
Flesh x Blood
56%
Look Back and Laugh
56%
Saving Your Soul
56%
Universe
52%
You and Me
52%
Breathe In, Breathe Out
48%
Love Is Going to Kill Us
48%
Safe in My Arms
43%
Beautiful Things Don't Ask For Attention
41%
I Wanna Get to Heaven
41%
Ends With You
33%
No matching quizzes found
Score Distribution
Percent of People with Each Score
Percentile by Number Answered
Your Score History
You have not taken this quiz since the last reset